000 00443nam a2200169 a 4500
001 0000-8789
003 ELIB.Books
008 110520 1981
035 _a(ELIB.Books)0000-8935
082 _a150
_bLar
100 _aLarson, Bruce
245 _aThere's a lot more to health than Not Being Sick
260 _bWaco: Word Books Publisher
_c1981
650 _aPsychology
942 _2ddc
_cBK
998 _cbat
_e2011-05-20
999 _c8789
_d8789